00784nam a2200193Ia 4500008004100000020001500041041001200056082001600068100001500084245006200099250000800161260003300169300000800202650001600210942000700226999001500233952017100248952017100419221030s9999 xx 000 0 und d a8185015589 aEnglish a105.23bDat aC. J. Date 3aAn Introduction to Database Systems Vol. Icby C. J. Date a3rd bNarosa Pub.aNew Delhic2002 a580 aBE Computer cBK c4215d4215 pBE 7562g225.00l0o105.23 Datr2024-06-13 00:00:00w2022-10-30yBK003Print4070aMIETLIBbMIETLIBcBL-Academic Block C, FL-2, CUP-46, SH-3, R-3d2005-02-0510HBE pBE 7563g225.00l0o105.23 Datr2024-06-13 00:00:00w2022-10-30yBK003Print4070aMIETLIBbMIETLIBcBL-Academic Block C, FL-2, CUP-46, SH-3, R-3d2005-11-1410HBE